01244cam a22003131 4500001001300000003000400013005001700017008004100034010001700075035001900092040003100111042001200142050002200154051002700176086001600203100002900219245019900248260004800447300006200495410005500557500004800612504003000660650004500690650003800735700002800773740006100801740005100862999001700913gs 63000185 DLC20260227111412.0761015s1962 dcuabd b f000 0 eng  ags 63000185  a(OCoLC)2505815 aDLCcOClUdISSdOCoLCdDLC apremarc00aQE75b.P9 no. 362 aTN490.M3bP35cCopy 2.0 aI 19.16:3621 aPavlides, Louis,d1921- 10aGeology and manganese deposits of the Maple and Hovey Mountains area, Aroostook County, Maine. With a section on Lithology and mineralogy of the deposits,cby Louis Pavlides and Charles Milton. aWashington,bU.S. Govt. Print. Off.,c1962. a116 p.billus., maps (part col.) diagrs., tables.c29 cm.20aGeological Survey (U.S.).tProfessional paperv362 aPart of illustrative matter fold in pocket. aBibliography: p. 112-114. 0aManganese oreszMainezAroostook County. 0aGeologyzMainezAroostook County.1 aMilton, Charles,d1896-0 aMaple and Hovey Mountains area, Aroostook County, Maine.0 aHovey Mountains area, Aroostook County, Maine. c29694d29694